[Event "Stay Safe Play From Home 233"]
[Site "Emanuel Lasker Arena"]
[Date "2020.06.17"]
[Round "8"]
[White "Broken sword"]
[Black "Lazieri3"]
[Result "1-0"]
[WhiteElo "2448"]
[BlackElo "2172"]
[Annotator "TA"]
[PlyCount "123"]
[EventDate "2020.06.17"]
[EventType "swiss (blitz)"]

{[%evp 12,123,57,14,82,0,0,0,0,0,0,-6,-4,-13,-1,-9,-7,-11,0,0,0,0,0,0,17,7,85,-68,-58,-61,0,0,0,-5,0,0,7,0,0,0,0,0,0,0,0,0,0,0,0,0,-2,0,0,0,0,0,0,0,0,0,0,0,0,0,0,0,100,100,100,100,101,101,141,102,102,102,433,362,1139,422,500,62,29971,29971,29972,29958,29944,12214,29952,29945,29972,29975,29976,29977,29980,29981,29981,29972,29984,29971,29970,29969,29992,29993,29993,29993,29993,29993,29993,29994,29995,29996,29997,29996]} 1. d4 c6 2. c4 d5 3. cxd5 cxd5 4. Nc3 Nc6 5. Nf3 Nf6 6. Bf4 Bg4 7. e3 e6 {[#] D13: Slav Defence: Exchange variation without ...Bf5.} (7... a6 $11) 8. Be2 ({White should play} 8. Qb3 $1 $16 {[%cal Rb3b7]} Qb6 9. Qxb6 axb6 10. Ne5) 8... Bd6 $11 9. Bg5 h6 {aiming for ...Bxf3.The position is equal.} 10. Bh4 O-O {[#]} 11. Nd2 $146 ({Predecessor:} 11. Bg3 Bxg3 12. hxg3 Qb6 13. Qd2 Rac8 14. O-O Bf5 15. Rfc1 Rfd8 16. Ne1 Ne4 17. Nxe4 Bxe4 {½-½ (32) Bernhart,E (1733)-Ambacher,R (1655) Ellwangen 2002}) 11... Bxe2 12. Qxe2 Be7 13. Bxf6 Bxf6 14. Nb3 e5 15. dxe5 Bxe5 16. Rd1 d4 17. exd4 Bxd4 {White must now prevent ...Re8.} 18. O-O Qb6 (18... Qf6 $11) 19. Na4 $2 ({White should try} 19. Nd5 $16 Qd8 20. Ne3 (20. Nxd4 Qxd5 {[%mdl 64] Double Attack} 21. Nxc6 Qxc6 $11)) 19... Qb4 $15 20. Nxd4 Qxa4 (20... Nxd4 $15 21. Qe4 Qxa4 22. Qxd4 Qxa2) 21. Nxc6 Qxc6 22. Rc1 Qb6 23. Rfd1 Rac8 24. Qd2 Rcd8 25. Qc2 Rxd1+ 26. Rxd1 $11 {[%mdl 4096] Endgame KQR-KQR} Rd8 27. Rc1 Qd4 28. h3 a6 29. a3 Qd2 30. Kh2 (30. b4 {with more complications.} Qxc2 31. Rxc2 Rd3 32. Rc8+ Kh7 33. Rc7) 30... Qxc2 31. Rxc2 {KR-KR} Rd7 32. Kg3 g6 33. Kf3 Kg7 34. Ke4 Kf6 35. f4 h5 36. g4 Ke6 37. Rc5 hxg4 38. hxg4 f5+ (38... Rd2 $11) 39. gxf5+ $16 gxf5+ 40. Rxf5 Rd2 41. Re5+ Kd6 42. b4 Ra2 43. Ra5 Kc6 $2 {[%mdl 8192]} (43... Ke6 $16 {is a better chance.}) 44. Kf5 Kb6 $2 (44... Rf2 45. Re5 Rf3) 45. Kf6 (45. Ke6 $142 Kc7 46. f5) 45... Ka7 46. f5 $2 (46. Re5 $18) 46... b6 $2 {[%mdl 8192] [#]} (46... b5 $14) 47. Re5 Rxa3 48. Re7+ Kb8 49. Kf7 Rf3 50. f6 {White mates.} a5 51. bxa5 bxa5 52. Re5 Kb7 53. Rxa5 Kc6 54. Re5 Kb6 55. Rd5 Kc6 56. Rd1 Rd3 57. Rxd3 Kc5 58. Ke7 Kc4 59. Rd6 Kc5 60. f7 Kc4 61. f8=Q Kb5 62. Qf5+ {Accuracy: White = 79%, Black = 60%.} 1-0

[Event "Stay Safe Play From Home 233"]
[Site "Emanuel Lasker Arena"]
[Date "2020.06.17"]
[Round "8"]
[White "Mepe_Nika"]
[Black "Haris kollari 13"]
[Result "1-0"]
[WhiteElo "2351"]
[BlackElo "1695"]
[Annotator "NA RC"]
[PlyCount "51"]
[EventDate "2020.06.17"]
[EventType "swiss (blitz)"]

1. d4 {[%emt 0:00:01]} e6 {[%emt 0:00:00]} 2. Bf4 {[%emt 0:00:01]} d5 {[%emt 0:00:00]} 3. e3 {[%emt 0:00:00]} c5 {[%emt 0:00:00]} 4. c3 {[%emt 0:00:01]} Nc6 {[%emt 0:00:00]} 5. Nd2 {[%emt 0:00:00]} f5 {[%emt 0:00:01]} 6. Ngf3 {[%emt 0:00:01]} Nf6 {[%emt 0:00:01]} 7. Ne5 {[%emt 0:00:02]} Nxe5 {[%emt 0:00:01]} 8. Bxe5 {[%emt 0:00:01]} Bd6 {[%emt 0:00:01]} 9. Bb5+ {[%emt 0:00:02]} Kf7 {[%emt 0:00:02]} 10. Qe2 {[%emt 0:00:03]} Bxe5 {[%emt 0:00:02]} 11. dxe5 {[%emt 0:00:00]} Ng4 {[%emt 0:00:04]} 12. f4 {[%emt 0:00:03]} c4 {[%emt 0:00:01]} 13. O-O {[%emt 0:00:05]} Qa5 {[%emt 0:00:02]} 14. h3 {[%emt 0:00:04]} Nh6 {[%emt 0:00:01]} 15. Qh5+ {[%emt 0:00:01]} g6 {[%emt 0:00:05]} 16. Qxh6 {[%emt 0:00:01]} Qxb5 {[%emt 0:00:01]} 17. Rab1 {[%emt 0:00:02]} Bd7 {[%emt 0:00:01]} 18. Nf3 {[%emt 0:00:00]} Rag8 {[%emt 0:00:03]} 19. Nd4 {[%emt 0:00:02]} Qa4 {[%emt 0:00:02]} 20. Qg5 {[%emt 0:00:01]} Ke8 {[%emt 0:00:02]} 21. b3 {[%emt 0:00:03]} cxb3 {[%emt 0:00:01]} 22. axb3 {[%emt 0:00:02]} Qxb3 {[%emt 0:00:00]} 23. Rxb3 {[%emt 0:00:01]} b6 {[%emt 0:00:01]} 24. Nb5 {[%emt 0:00:01]} h6 {[%emt 0:00:02]} 25. Nd6+ {[%emt 0:00:01]} Kf8 {[%emt 0:00:02]} 26. Qf6# {[%emt 0:00:00] (Lag: Av=0.44s, max=0.9s)} 1-0

[Event "Stay Safe Play From Home 233"]
[Site "Emanuel Lasker Arena"]
[Date "2020.06.17"]
[Round "8"]
[White "Weltszmerc"]
[Black "Trotsky"]
[Result "1-0"]
[WhiteElo "2142"]
[BlackElo "1475"]
[Annotator "TA"]
[PlyCount "53"]
[EventDate "2020.06.17"]
[EventType "swiss (blitz)"]

{[%evp 10,53,33,29,39,29,110,66,210,235,404,405,379,278,307,231,194,183,455,324,292,255,270,85,549,536,494,383,492,350,333,339,399,327,628,635,628,625,617,606,834,814,29999,1812,29993,2022]} 1. d4 d5 2. c4 e6 3. Nf3 c5 4. g3 Nc6 5. cxd5 exd5 6. Bg2 c4 {D30: Queen's Gambit Declined: Systems without Nc3.} 7. O-O Be6 {[#]} (7... Nf6 $11) 8. b3 $146 ({Predecessor:} 8. Nc3 Nf6 9. Bg5 Be7 10. Re1 h6 11. Bf4 a6 12. Ne5 O-O 13. Nxc6 bxc6 14. e4 Qb6 15. exd5 cxd5 16. Qd2 Bb4 {½-½ (42) Murin,P (2026)-Sarocky,L (1838) Namestovo 2017}) 8... Qc7 (8... cxb3 $14 9. Qxb3 Qd7) 9. bxc4 $18 Bd6 $2 {[#]} (9... Nf6 {might work better.} 10. cxd5 Bxd5) 10. Nc3 Nf6 11. Nb5 Qb8 12. Nxd6+ Qxd6 13. Qa4 O-O-O $2 {[#]} (13... dxc4 14. Ng5 Rc8) 14. Ba3 Qc7 15. cxd5 Bxd5 16. Ne5 $2 (16. Rfc1 $18 {has better winning chances.}) 16... h5 $2 {[%mdl 8192]} (16... Bxg2 $16 {is a better chance.} 17. Kxg2 Rxd4) 17. Nxc6 bxc6 18. Qa6+ Kd7 19. Rab1 Rb8 20. Bxd5 Nxd5 21. Qd3 Nf6 $2 (21... Rxb1 22. Rxb1 h4) 22. Qf5+ Kd8 23. Rxb8+ Qxb8 24. e4 Ng4 25. Qg5+ Ke8 26. Qxg7 (26. Qe7# $142) 26... Rf8 27. Qxf8+ {Black did not feel at home in the position after the opening. Accuracy: White = 56%, Black = 17%.} 1-0

[Event "Stay Safe Play From Home 233"]
[Site "Emanuel Lasker Arena"]
[Date "2020.06.17"]
[Round "8"]
[White "Fischer_11"]
[Black "SoulofWolf"]
[Result "0-1"]
[WhiteElo "2030"]
[BlackElo "2128"]
[Annotator "NA RC"]
[PlyCount "84"]
[EventDate "2020.06.17"]
[EventType "swiss (blitz)"]

1. e4 {[%emt 0:00:02]} c6 {[%emt 0:00:00]} 2. d4 {[%emt 0:00:01]} d5 {[%emt 0:00:01]} 3. exd5 {[%emt 0:00:00]} cxd5 {[%emt 0:00:01]} 4. c4 {[%emt 0:00:00]} e6 {[%emt 0:00:00]} 5. c5 {[%emt 0:00:01]} Nc6 {[%emt 0:00:01]} 6. Nc3 {[%emt 0:00:00]} Be7 {[%emt 0:00:00]} 7. Nf3 {[%emt 0:00:01]} Nf6 {[%emt 0:00:00]} 8. Bb5 {[%emt 0:00:00]} O-O {[%emt 0:00:01]} 9. Bg5 {[%emt 0:00:01]} Nb8 {[%emt 0:00:04]} 10. O-O {[%emt 0:00:01]} a6 {[%emt 0:00:00]} 11. Bd3 {[%emt 0:00:01]} b5 {[%emt 0:00:01]} 12. b4 {[%emt 0:00:01]} a5 {[%emt 0:00:01]} 13. a3 {[%emt 0:00:01]} axb4 {[%emt 0:00:00]} 14. axb4 {[%emt 0:00:00]} Rxa1 {[%emt 0:00:01]} 15. Qxa1 {[%emt 0:00:00]} Nc6 {[%emt 0:00:02]} 16. Qb2 {[%emt 0:00:02]} h6 {[%emt 0:00:03]} 17. Bh4 {[%emt 0:00:06]} g5 {[%emt 0:00:01]} 18. Bg3 {[%emt 0:00:01]} Nh5 {[%emt 0:00:01]} 19. Bxb5 {[%emt 0:00:04]} Nxg3 {[%emt 0:00:01]} 20. hxg3 {[%emt 0:00:02]} Na7 {[%emt 0:00:03]} 21. Bd3 {[%emt 0:00:04]} f6 {[%emt 0:00:02]} 22. b5 {[%emt 0:00:01]} e5 {[%emt 0:00:01]} 23. c6 {[%emt 0:00:04]} e4 {[%emt 0:00:02]} 24. Bb1 {[%emt 0:00:03]} exf3 {[%emt 0:00:01]} 25. gxf3 {[%emt 0:00:00]} Qb6 {[%emt 0:00:07]} 26. Qc2 {[%emt 0:00:02]} f5 {[%emt 0:00:03]} 27. Nxd5 {[%emt 0:00:01]} Qd8 {[%emt 0:00:01]} 28. Nxe7+ {[%emt 0:00:04]} Qxe7 {[%emt 0:00:00]} 29. b6 {[%emt 0:00:00]} Nb5 {[%emt 0:00:02]} 30. b7 {[%emt 0:00:01]} Be6 {[%emt 0:00:02]} 31. Rc1 {[%emt 0:00:04]} Nc7 {[%emt 0:00:01]} 32. Qc5 {[%emt 0:00:02]} Qf7 {[%emt 0:00:01]} 33. Qb6 {[%emt 0:00:01]} Rb8 {[%emt 0:00:03]} 34. Rc2 {[%emt 0:00:02]} Kg7 {[%emt 0:00:01]} 35. Re2 {[%emt 0:00:00]} Kf6 {[%emt 0:00:01]} 36. g4 {[%emt 0:00:01]} fxg4 {[%emt 0:00:02]} 37. fxg4 {[%emt 0:00:00]} Bxg4 {[%emt 0:00:00]} 38. Re3 {[%emt 0:00:01]} Kg7 {[%emt 0:00:02]} 39. Rf3 {[%emt 0:00:00]} Bxf3 {[%emt 0:00:01]} 40. Kf1 {[%emt 0:00:00]} Qf4 {[%emt 0:00:01]} 41. Qb2 {[%emt 0:00:01]} Bg2+ {[%emt 0:00:00]} 42. Ke1 {[%emt 0:00:01]} Nd5 {[%emt 0:00:00] Zeit (Lag: Av=0.27s, max=0.7s)} 0-1

[Event "Stay Safe Play From Home 233"]
[Site "Emanuel Lasker Arena"]
[Date "2020.06.17"]
[Round "8"]
[White "Tartak"]
[Black "Position"]
[Result "0-1"]
[WhiteElo "1758"]
[BlackElo "2062"]
[Annotator "TA"]
[PlyCount "80"]
[EventDate "2020.06.17"]
[EventType "swiss (blitz)"]

{[%evp 16,80,3,1,45,41,40,12,18,18,38,6,17,4,27,17,30,-43,77,0,106,0,0,-192,-154,-170,-173,-449,-439,-520,-507,-650,-623,-610,-566,-531,-479,-1099,-902,-29989,-29990,-29990,-29991,-29991,-29992,-29992,-29992,-29992,-29993,-29993,-29992,-29993,-29993,-29993,-29994,-29994,-29995,-29995,-29995,-29996,-29996,-29997,-29995,-29996,-29997,-29998,-29997]} 1. d4 d5 2. e3 Nf6 3. Nf3 e6 4. Bd3 b6 5. b3 Bb7 6. Bb2 Bd6 7. Nbd2 O-O 8. O-O Nbd7 {[%cal Bb8d7,Bd7c5,Bc5e4][%mdl 32]} 9. Ne5 Bxe5 {D05: Colle System with ...e6.} 10. dxe5 Ne4 11. f4 Nxd2 {The position is equal.} 12. Qxd2 {[#]} g6 $146 ({Predecessor:} 12... Nc5 13. Ba3 a5 14. Qc3 Qe7 15. Qd4 a4 16. Bb4 f6 17. bxa4 fxe5 18. fxe5 Qg5 19. Bxc5 bxc5 20. Qxc5 Qxe5 21. Rxf8+ Rxf8 {1-0 (40) Jugelt,T (2378)-Sobolevsky,L (2219) Magdeburg 2012}) 13. Rf3 Nc5 14. Rh3 Ne4 15. Qe1 Kg7 16. c4 (16. g4 $11) 16... c5 (16... dxc4 $15 {keeps the upper hand.} 17. Bxc4 Qd2 18. Qxd2 (18. Qh4 h5 $17) 18... Nxd2) 17. cxd5 (17. Bxe4 $16 dxe4 18. Rd1) 17... Bxd5 {[#]} (17... Qxd5 $11 18. Rd1 (18. Qh4 h5 $17) 18... Qc6 {[%mdl 64] Decoy}) 18. Rd1 (18. Qb1 $1 $16) 18... Qe7 $11 19. Bc4 $2 {White is on the road to losing.} (19. Rf3 $1 $11) 19... Bxc4 $19 20. bxc4 Rad8 21. Rd6 $2 (21. Rf3) 21... Kg8 22. Rxd8 Rxd8 23. Qe2 Rd2 24. Qf3 Qb7 25. Bc1 Rc2 26. Ba3 (26. Qd1 $142 Rxc4 27. Rf3) 26... Rxa2 {[#] ( -> ...Ra1+)} 27. Bxc5 Ra1+ {Black mates.} 28. Qf1 Rxf1+ 29. Kxf1 bxc5 30. g4 Qb1+ 31. Ke2 Qc2+ 32. Kf3 Nd2+ 33. Kg3 Nxc4 34. Kh4 Qf2+ 35. Kg5 Nxe3 36. f5 Nd5 37. fxe6 Qf4+ 38. Kh4 fxe6 39. Rf3 Qxf3 40. h3 Ne7 {Accuracy: White = 18%, Black = 73%.} 0-1

[Event "Stay Safe Play From Home 233"]
[Site "Emanuel Lasker Arena"]
[Date "2020.06.17"]
[Round "9"]
[White "Broken sword"]
[Black "Weltszmerc"]
[Result "0-1"]
[WhiteElo "2453"]
[BlackElo "2142"]
[Annotator "TA"]
[PlyCount "118"]
[EventDate "2020.06.17"]
[EventType "swiss (blitz)"]

{[%evp 9,117,-10,-21,-76,-56,-66,-63,-81,-56,-56,-62,-53,-7,-91,-34,-40,-49,-93,-32,-41,-34,-40,-41,-34,-10,-20,-24,-37,-8,-8,-4,-32,-6,-7,-11,-7,0,-9,-14,-44,-8,-11,-16,-12,-10,-24,0,-11,0,0,0,-14,-15,-16,-5,-17,-16,-14,-15,-25,0,-17,-16,-16,-16,-18,-14,-27,-9,-12,-9,-20,17,17,102,0,0,-491,-457,-1533,-1395,-1335,-829,-12837,-12838,-12838,-12839,-12841,-12841,-12843,-12843,-12843,-12844,-29986,-29987,-29991,-29992,-29995,-29994,-29996,12845,-12848,-12849,-12849,-12850,-29994,-29995,-29995,-29999,-29999]} 1. d4 Nf6 2. c4 b6 3. Nc3 Bb7 4. f3 d5 5. a3 e6 6. Bg5 {A50: Queen's Fianchetto Defence (1 d4 Nf6 2 c4 b6).} (6. cxd5 $11 exd5 7. e3) 6... Be7 $17 7. e3 O-O 8. Bd3 {Black is slightly better.} dxc4 9. Bxc4 c5 10. Nge2 {[#]} cxd4 $146 ({Predecessor:} 10... Nc6 11. O-O cxd4 12. exd4 Rc8 13. Ba2 h6 14. Be3 Na5 15. Qd3 Qd7 16. Rfd1 Rfd8 {½-½ (73) Patriarca,L (2307)-Leiro Giralt,D (2206) ICC INT 2000}) 11. Qxd4 (11. Nxd4 $11 Nbd7 12. O-O) 11... Nc6 (11... Qc8 $17 {White must now prevent ...h6.} 12. Bb5 Rd8) 12. Qxd8 $15 Rfxd8 13. O-O a6 (13... Ne5 $17 14. Ba2 Nd3) 14. Rad1 b5 15. Ba2 h6 16. Bh4 Na5 17. Rfe1 Rac8 18. e4 Nc4 19. Bxc4 Rxc4 20. Bf2 Rxd1 21. Rxd1 Rc8 22. Kf1 Kf8 23. Ke1 Ke8 24. Nd4 (24. Bd4 {seems wilder.} g5 25. Nc1 Nd7 26. Nd3 h5 27. h3) 24... Rd8 (24... Nd7 {feels hotter.} 25. Na2 Ne5 26. Nb4 a5 27. Nd3 Nxd3+ 28. Rxd3 Ba6) 25. Nb3 (25. Ke2 {is interesting.} Nd7 26. Nb3 Rc8 27. Na2 Rc2+ 28. Rd2) 25... Rxd1+ 26. Kxd1 Nd7 27. Kd2 Bf6 28. Kd3 Ne5+ 29. Kc2 Nc4 30. Nd2 (30. Nc5 {looks sharper.} Bc8 31. Nd3 g5 32. a4 bxa4 33. Nxa4 Bd7 34. Nc3) 30... Nxd2 31. Kxd2 $11 {[%mdl 4096] Endgame KBB-KBN} Kd7 32. Nd1 a5 33. Kd3 b4 34. axb4 axb4 35. Bd4 Ba6+ 36. Ke3 e5 37. Bc5 b3 38. Nc3 Kc6 39. Bf8 h5 40. g3 g6 41. Nd5 Bd8 (41... Bg5+ $11 42. f4 exf4+ 43. gxf4 Bd8) 42. Bb4 (42. Nb4+ $16 Kb5 43. Nxa6 Kxa6 44. Kd3) 42... Bc4 43. Bc3 $2 {[%mdl 8192] [#]} (43. Be7 $11 {and White is okay.} Bxe7 44. Nxe7+ Kd7 45. Ng8) 43... Bxd5 $19 44. exd5+ (44. Kd3 $142 Be6 45. Bxe5) 44... Kxd5 {KB-KB} 45. Kd3 Bb6 46. g4 hxg4 47. fxg4 f5 48. gxf5 gxf5 49. h4 e4+ 50. Ke2 f4 {[#] ( -> ...f3+)} 51. h5 f3+ 52. Kf1 e3 53. h6 e2+ 54. Ke1 Bd4 $4 {[%mdl 8192]} (54... Ke4 {and all is fine.} 55. Kd2 Be3+ 56. Ke1 Kd3 57. Bh8 f2#) 55. h7 $4 {[%mdl 8192]} (55. Bxd4 $18 Kxd4 56. Kd2 (56. Kf2 $2 Kd3 $19)) 55... Bxc3+ 56. bxc3 b2 57. h8=Q b1=Q+ {Black mates.} 58. Kf2 e1=Q+ 59. Kxf3 Qbe4# {Accuracy: White = 58%, Black = 73%.} 0-1

[Event "Stay Safe Play From Home 233"]
[Site "Emanuel Lasker Arena"]
[Date "2020.06.17"]
[Round "9"]
[White "Little champs"]
[Black "Haris kollari 13"]
[Result "1-0"]
[WhiteElo "2338"]
[BlackElo "1694"]
[Annotator "NA RC"]
[PlyCount "91"]
[EventDate "2020.06.17"]
[EventType "swiss (blitz)"]

1. d4 {[%emt 0:00:03]} d5 {[%emt 0:00:00]} 2. e3 {[%emt 0:00:00]} c5 {[%emt 0:00:01]} 3. Nf3 {[%emt 0:00:00]} Nc6 {[%emt 0:00:01]} 4. Be2 {[%emt 0:00:01]} Bg4 {[%emt 0:00:01]} 5. O-O {[%emt 0:00:00]} e6 {[%emt 0:00:01]} 6. dxc5 {[%emt 0:00:00]} Bxc5 {[%emt 0:00:01]} 7. c4 {[%emt 0:00:00]} dxc4 {[%emt 0:00:01]} 8. Bxc4 {[%emt 0:00:01]} Qxd1 {[%emt 0:00:03]} 9. Rxd1 {[%emt 0:00:01]} Bxf3 {[%emt 0:00:01]} 10. gxf3 {[%emt 0:00:01]} Nf6 {[%emt 0:00:00]} 11. Nc3 {[%emt 0:00:00]} O-O {[%emt 0:00:01]} 12. Bd2 {[%emt 0:00:00]} Rfd8 {[%emt 0:00:01]} 13. Be1 {[%emt 0:00:01]} Rxd1 {[%emt 0:00:02]} 14. Rxd1 {[%emt 0:00:01]} Rd8 {[%emt 0:00:01]} 15. Rxd8+ {[%emt 0:00:01]} Nxd8 {[%emt 0:00:01]} 16. Na4 {[%emt 0:00:00]} Bd6 {[%emt 0:00:02]} 17. Nc3 {[%emt 0:00:01]} Bc7 {[%emt 0:00:02]} 18. e4 {[%emt 0:00:01]} Nc6 {[%emt 0:00:01]} 19. Nb5 {[%emt 0:00:01]} Bb8 {[%emt 0:00:02]} 20. Bc3 {[%emt 0:00:01]} e5 {[%emt 0:00:02]} 21. Bd5 {[%emt 0:00:01]} a6 {[%emt 0:00:04]} 22. Na3 {[%emt 0:00:01]} Nxd5 {[%emt 0:00:04]} 23. exd5 {[%emt 0:00:01]} Ne7 {[%emt 0:00:02]} 24. Nc4 {[%emt 0:00:04]} Nxd5 {[%emt 0:00:01]} 25. Bxe5 {[%emt 0:00:01]} Bxe5 {[%emt 0:00:03]} 26. Nxe5 {[%emt 0:00:00]} f6 {[%emt 0:00:00]} 27. Nd7 {[%emt 0:00:01]} Kf7 {[%emt 0:00:01]} 28. Nc5 {[%emt 0:00:01]} Nb4 {[%emt 0:00:03]} 29. a3 {[%emt 0:00:03]} Nc6 {[%emt 0:00:04]} 30. Nxb7 {[%emt 0:00:01]} Nd4 {[%emt 0:00:01]} 31. b4 {[%emt 0:00:01]} Nxf3+ {[%emt 0:00:02]} 32. Kh1 {[%emt 0:00:00]} Nd4 {[%emt 0:00:01]} 33. Nc5 {[%emt 0:00:01]} Nc2 {[%emt 0:00:01]} 34. Nxa6 {[%emt 0:00:00]} Nxa3 {[%emt 0:00:01]} 35. Nc7 {[%emt 0:00:00]} Nc4 {[%emt 0:00:02]} 36. b5 {[%emt 0:00:01]} Nb6 {[%emt 0:00:00]} 37. Na6 {[%emt 0:00:01]} Ke7 {[%emt 0:00:01]} 38. Nc5 {[%emt 0:00:01]} Kd6 {[%emt 0:00:00]} 39. Nd3 {[%emt 0:00:00]} Kd5 {[%emt 0:00:01]} 40. Nf4+ {[%emt 0:00:01]} Kc4 {[%emt 0:00:01]} 41. Ne6 {[%emt 0:00:00]} Kxb5 {[%emt 0:00:01]} 42. Nxg7 {[%emt 0:00:00]} Kc4 {[%emt 0:00:00]} 43. Ne8 {[%emt 0:00:00]} f5 {[%emt 0:00:00]} 44. Nf6 {[%emt 0:00:00]} Kd4 {[%emt 0:00:02]} 45. Nxh7 {[%emt 0:00:01]} Ke4 {[%emt 0:00:00] '} 46. Kg2 {[%emt 0:00:01] Time} 1-0

[Event "Stay Safe Play From Home 233"]
[Site "Emanuel Lasker Arena"]
[Date "2020.06.17"]
[Round "9"]
[White "Lazieri3"]
[Black "Tartak"]
[Result "1-0"]
[WhiteElo "2166"]
[BlackElo "1753"]
[Annotator "TA"]
[PlyCount "91"]
[EventDate "2020.06.17"]
[EventType "swiss (blitz)"]

{[%evp 9,91,-39,-26,-40,0,0,0,-62,-50,-56,-29,-47,-37,-40,0,-45,-21,-108,-107,-104,-62,-111,-28,-16,-25,-45,16,0,308,23,104,-55,149,151,251,137,646,293,274,109,115,95,1630,1615,1607,1489,1478,1457,1422,1321,5193,4504,1411,1179,1116,1078,1395,1195,29988,29989,29989,29990,29990,29991,29990,29991,29992,29993,29993,29994,29994,29995,29997,29995,29996,29996,29997,29998,29998,29999,29999,29997,29999,29999]} 1. e4 e6 2. Nc3 d5 3. Nf3 d4 4. Ne2 c5 5. d3 Nc6 6. g3 {C00: French: Unusual White 2nd moves.} Qc7 7. Bg2 Bd6 {[#]} 8. Bf4 $146 (8. c3 $11) ({Predecessor:} 8. Nd2 Bd7 9. a4 f5 10. exf5 exf5 11. Nc4 Nf6 12. O-O O-O 13. c3 dxc3 14. bxc3 {1-0 (71) Suarez Uriel,A (2217)-Collado Barbas,L (2050) Padron 2011}) 8... e5 $15 9. Bd2 f5 10. exf5 Bxf5 11. O-O O-O-O 12. Ng5 Nf6 (12... h6 $5 {[%cal Rh6g5]} 13. Ne4 Bxe4 14. Bxe4 Nf6 $11) 13. Ne4 (13. f4 $1 $11 Qd7 14. Bxc6 bxc6 15. fxe5 Bxe5 16. Nf7 Qxf7 17. Rxf5) 13... Nxe4 $17 14. Bxe4 g6 15. f4 Rdg8 (15... h5 $17 16. fxe5 Nxe5) 16. fxe5 $11 Nxe5 17. Nf4 Ng4 ({Better is} 17... h5 $15) 18. Nd5 Qd8 $2 {[%mdl 8192]} (18... Qd7 $11 {and Black stays safe.}) 19. Qf3 $2 (19. Bxf5+ gxf5 20. Qe2 (20. Rxf5 Nxh2 21. Bf4 Bxf4 $15 {[%mdl 64] Pin}) 20... Kb8 $11) ({White has to play} 19. Rxf5 $18 gxf5 20. Bxf5+ {[%mdl 64] Double Attack} Kb8 21. Bxg4) 19... h5 (19... Bxe4 $11 {keeps the balance.} 20. dxe4 (20. Qxe4 Qd7 $14) 20... Qd7) 20. Bf4 $2 (20. Bxf5+ $16 gxf5 21. Qxf5+ Kb8 22. Nf6 Qxf6 23. Qxf6 Nxf6 24. Rxf6) 20... Ne3 $2 (20... Bxf4 $15 {stays ahead.} 21. gxf4 (21. Nxf4 Bxe4 22. Qxe4 Ne3 $15) (21. Qxf4 Rf8 $11) 21... Rg7) 21. Nxe3 $16 dxe3 (21... Bxe4 $16 {was necessary.} 22. dxe4 (22. Qxe4 Bxf4 23. Rxf4 Re8 $16) 22... Bxf4 23. gxf4 dxe3 24. Qxe3 Qb6) 22. Qxe3 (22. Bxb7+ $18 Kb8 23. Ba6 (23. Bxe3 Rf8 $16)) 22... Qc7 $2 {[%mdl 8192]} (22... Re8 $16 23. Rae1 Bxe4 24. dxe4 Bxf4 25. gxf4 Qe7) 23. Bxd6 (23. Bxf5+ $142 gxf5 24. Qe6+ {[%mdl 64] Double Attack} Qd7 25. Qxd6 Qxd6 26. Bxd6 {[%mdl 64] Discovered Attack}) 23... Qxd6 $18 24. Qf4 $2 (24. Bxf5+ $18 {is the precise move to win.} gxf5 25. Rxf5) 24... Qd4+ $16 25. Qf2 Qxb2 $2 {[%mdl 8192]} (25... Qxf2+ $16 26. Rxf2 Bxe4) 26. Qxc5+ $18 {[%mdl 64] Double Attack} Kb8 27. Rab1 Qxb1 28. Rxb1 Bxe4 29. dxe4 {White wants to mate with Qe7.} Rc8 30. Qe5+ Ka8 31. Qd4 Rhd8 32. Qe3 Rxc2 33. e5 Rdd2 {[#]} 34. Qf3 $1 {[%csl Gb1][%cal Rf3b7] White mates.} Rg2+ 35. Qxg2 Rxg2+ 36. Kxg2 {[%mdl 4096] Endgame KR-KP} Kb8 37. Rd1 Kc8 38. e6 Kc7 39. e7 Kb6 40. e8=Q Ka5 41. Qxg6 b5 42. Qxh5 a6 {[#]} 43. Qc5 $1 Ka4 44. Rd4+ Ka5 45. Qc3+ b4 46. Qc5+ {Accuracy: White = 32%, Black = 24%.} 1-0

[Event "Stay Safe Play From Home 233"]
[Site "Emanuel Lasker Arena"]
[Date "2020.06.17"]
[Round "9"]
[White "SoulofWolf"]
[Black "Position"]
[Result "1-0"]
[WhiteElo "2140"]
[BlackElo "2067"]
[Annotator "TA"]
[PlyCount "95"]
[EventDate "2020.06.17"]
[EventType "swiss (blitz)"]

{[%evp 18,95,20,-5,0,-33,-19,-25,-5,-85,-64,-61,31,-8,26,26,26,15,28,27,52,26,32,10,626,-41,-10,-10,27,26,28,33,25,33,33,26,53,34,60,60,60,65,64,54,54,51,129,126,639,268,367,0,562,59,53,35,45,34,67,8,59,-40,11,0,0,-72,-76,-73,0,0,0,0,10,8,8,0,8,0,0,-29984]} 1. d4 d5 2. Nf3 Nf6 3. c4 e6 4. Bg5 Be7 5. Nc3 O-O 6. e3 b6 7. Qc2 Bb7 8. Bd3 h6 9. Bh4 Nbd7 10. O-O Rc8 {D58: Queen's Gambit Declined: Tartakower Defence.} 11. b3 c5 12. Qe2 cxd4 {[#] Black has an edge.} 13. Nxd4 $146 (13. exd4 $11 {remains equal.} g5 14. Bg3) ({Predecessor:} 13. exd4 Re8 14. Rfd1 Bb4 15. Nb5 a6 16. a3 Bf8 17. Nc3 g5 18. Bg3 Nh5 19. Ne5 Nxg3 20. hxg3 Nxe5 21. dxe5 {0-1 (31) Pajukari,S (1829)-Danzanvilliers,P (2203) ICCF email 2014}) 13... dxc4 14. Bxc4 {[#]} Nd5 (14... a6 $1 $15 {[%mdl 512]} 15. Rad1 (15. Bxa6 Bxa6) 15... Qe8) 15. Nxd5 (15. Bxd5 $5 exd5 16. Bxe7 Qxe7 17. Ncb5 $11) 15... exd5 (15... Bxh4 {feels hotter.} 16. Nf4 Ne5 17. Ba6 Qc7 18. h3 Qb8) 16. Bxe7 Qxe7 17. Bb5 Ne5 18. Rad1 Rc5 19. a4 Rfc8 20. b4 Rc2 $2 {[%mdl 8192]} (20... R5c7 $11) 21. Rd2 $2 (21. Nxc2 $18 Rc3 22. Rc1) 21... Rxd2 22. Qxd2 a6 23. Be2 Nc4 24. Qc3 Nd6 25. Qb3 Ne4 {aiming for ...Nd2.} 26. Qb2 Qg5 27. Bf3 Nf6 28. Rc1 Rxc1+ 29. Qxc1 {Threatens to win with Qc7.} Qe5 30. h3 Qd6 31. Qc3 Nd7 (31... g6 $14) 32. Nf5 $16 {[%csl Gf5][%cal Rc3g7]} Qf8 $2 {[%mdl 8192]} (32... Qe5 $16 33. Qxe5 Nxe5) 33. Bg4 (33. Qc7 $142) 33... Nf6 {[#]} 34. Bf3 $2 (34. Qc7 $1 $18) 34... Bc8 $2 {[%mdl 8192] [#]} (34... Nd7 $1 $11) 35. Nd4 $2 (35. Qxc8 $1 $18 {[%mdl 512] White threatens Ne7+ and mate.} Qxc8 36. Ne7+ {[%mdl 64] Double Attack} Kf8 37. Nxc8) 35... Bd7 $14 36. b5 axb5 37. axb5 {Qc7 is the strong threat.} Qa8 38. Qb2 ({White should play} 38. Qc7 $14) 38... Qc8 (38... Qa5 $11) 39. g3 (39. Qa3 $14) 39... Qc5 (39... Bxh3 $15 40. Nc6 Kh7) 40. Kg2 Ne4 41. Ne2 (41. h4 $11 {keeps the balance.}) 41... Ng5 $17 42. Bg4 Bxg4 (42... Qxb5 $17 43. Qxb5 Bxb5) 43. hxg4 $11 {The position is equal.} Qd6 44. Nf4 Ne4 45. Qc2 Nf6 46. Qd3 Nxg4 47. f3 Nf6 48. Qxd5 $2 {[%mdl 40960] What a fight! Accuracy: White = 51%, Black = 44%. . Loss on time!?} (48. e4 $11) 1-0